[Event "35th European Club Cup 2019"]
[Site "Ulcinj"]
[Date "2019.11.16"]
[Round "7.6"]
[White "Piceu, Tom"]
[Black "Vuckovic, Marko"]
[Result "1-0"]
[WhiteElo "2354"]
[BlackElo "2054"]
[Annotator "NA"]
[PlyCount "80"]
[EventDate "2019.11.10"]
[EventType "team-tourn"]
[EventCountry "MNE"]
[SourceTitle "playchess.com"]
[Source "ChessBase"]
[SourceQuality "1"]
[WhiteTeam "HWP Sas van Gent"]
[BlackTeam "Buducnost"]
[TimeControl "40/5400+30:1800+30"]

1. d4 {[%emt 0:00:00]} Nf6 {[%emt 0:00:00]} 2. Nf3 {[%emt 0:00:00]} e6 {[%emt 0:00:00]} 3. e3 {[%emt 0:00:09]} d5 {[%emt 0:00:08]} 4. Bd3 {[%emt 0:00:30]} c5 {[%emt 0:00:30]} 5. O-O {[%emt 0:00:30]} Nc6 {[%emt 0:00:00]} 6. Nbd2 {[%emt 0:00:00]} Bd6 {[%emt 0:01:44]} 7. dxc5 {[%emt 0:00:00]} Bxc5 {[%emt 0:00:06]} 8. a3 {[%emt 0:00:00]} a5 {[%emt 0:01:03]} 9. b3 {[%emt 0:00:16]} O-O {[%emt 0:03:04]} 10. Bb2 {[%emt 0:03:54]} Qe7 {[%emt 0:01:48]} 11. Qe2 {[%emt 0:03:16]} e5 {[%emt 0:11:00]} 12. e4 {[%emt 0:00:30]} dxe4 {[%emt 0:00:30]} 13. Nxe4 {[%emt 0:03:07]} Nxe4 {[%emt 0:02:46]} 14. Bxe4 {[%emt 0:07:15]} f6 {[%emt 0:02:52]} 15. Rfd1 {[%emt 0:13:37]} Be6 {[%emt 0:06:47]} 16. Nh4 {[%emt 0:03:22]} Nd4 {[%emt 0:21:01]} 17. Bxd4 {[%emt 0:21:10]} Bxd4 {[%emt 0:00:10]} 18. c3 {[%emt 0:00:47]} Bc5 {[%emt 0:03:55]} 19. Bxh7+ {[%emt 0:07:03]} Kxh7 {[%emt 0:00:08]} 20. Qh5+ {[%emt 0:00:05]} Kg8 {[%emt 0:00:05]} 21. Ng6 {[%emt 0:00:05]} Qc7 {[%emt 0:10:55]} 22. Rd3 {[%emt 0:00:34]} Rad8 {[%emt 0:12:49]} 23. Rg3 {[%emt 0:01:33]} Rd2 {[%emt 0:02:03]} 24. Rf1 {[%emt 0:06:21]} Bxb3 {[%emt 0:00:30]} 25. Qh8+ {[%emt 0:00:30]} Kf7 {[%emt 0:00:30]} 26. Qh5 {[%emt 0:00:30]} Ke8 {[%emt 0:00:30]} 27. Nxf8+ {[%emt 0:00:30]} Kxf8 {[%emt 0:00:30]} 28. Qh8+ {[%emt 0:00:30]} Bg8 {[%emt 0:00:30]} 29. h4 {[%emt 0:00:30]} Rd6 {[%emt 0:00:30]} 30. h5 {[%emt 0:00:30]} f5 {[%emt 0:00:30]} 31. Rg6 {[%emt 0:00:30]} Rxg6 {[%emt 0:00:30]} 32. hxg6 {[%emt 0:00:30]} Bxa3 {[%emt 0:00:30]} 33. Qh5 {[%emt 0:00:30]} Be6 {[%emt 0:00:30]} 34. Rd1 {[%emt 0:00:30]} Be7 {[%emt 0:00:30]} 35. Qh8+ {[%emt 0:16:59]} Bg8 {[%emt 0:01:46]} 36. Qh5 {[%emt 0:00:06]} f4 {[%emt 0:06:18]} 37. Qf5+ {[%emt 0:00:30]} Bf6 {[%emt 0:00:30]} 38. Rd7 {[%emt 0:00:30]} Qb6 {[%emt 0:00:30]} 39. Qd3 {[%emt 0:00:30]} Ke8 {[%emt 0:00:11]} 40. Rd6 {[%emt 0:00:38]} Qb3 {[%emt 0:00:30]} 1-0

[Event "35th European Club Cup 2019"]
[Site "Ulcinj"]
[Date "2019.11.16"]
[Round "7.6"]
[White "Setkauskas, Vaidas"]
[Black "Dambiermont, Henri"]
[Result "1-0"]
[WhiteElo "2195"]
[BlackElo "1708"]
[Annotator "NA"]
[PlyCount "91"]
[EventDate "2019.11.10"]
[EventType "team-tourn"]
[EventCountry "MNE"]
[SourceTitle "playchess.com"]
[Source "ChessBase"]
[SourceQuality "1"]
[WhiteTeam "MRU-ROSK Consulting"]
[BlackTeam "Echiquier Mosan"]
[TimeControl "40/5400+30:1800+30"]

1. e4 e5 2. Nf3 Nf6 3. Nxe5 d6 4. Nf3 Nxe4 5. Nc3 Nxc3 6. dxc3 Be7 7. Be3 Nc6 8. Qd2 Be6 9. Ng5 Bxg5 10. Bxg5 f6 11. Be3 a6 12. O-O-O Qd7 13. h3 O-O-O 14. Be2 Ne5 15. b3 Qe7 16. Rhe1 d5 17. f4 Qa3+ 18. Kb1 Nc6 19. Bf3 d4 20. Bxd4 Bf5 21. Be4 Bxe4 22. Rxe4 f5 23. Re2 Nxd4 24. cxd4 Rd5 25. Re5 Rhd8 26. Qe3 Qd6 27. Re6 Qd7 28. Re7 Qd6 29. c3 c5 30. Rxg7 cxd4 31. cxd4 Rxd4 32. Qc3+ Qc6 33. Rc1 Rd1 34. Qxc6+ bxc6 35. Rxd1 Rxd1+ 36. Kc2 Rf1 37. g3 Rf2+ 38. Kc3 h5 39. h4 Rxa2 40. Kd4 Rb2 41. Ke5 Rxb3 42. Kxf5 Re3 43. g4 Rg3 44. g5 Rh3 45. g6 Rxh4 46. Rf7 1-0

[Event "35th European Club Cup 2019"]
[Site "Ulcinj"]
[Date "2019.11.16"]
[Round "7.7"]
[White "Harikrishna, Pentala"]
[Black "Dreev, Aleksey"]
[Result "1/2-1/2"]
[WhiteElo "2731"]
[BlackElo "2671"]
[Annotator "TA"]
[PlyCount "60"]
[EventDate "2019.11.10"]
[EventType "team-tourn"]
[EventCountry "MNE"]
[SourceTitle "playchess.com"]
[Source "ChessBase"]
[SourceQuality "1"]
[WhiteTeam "Novy Bor"]
[BlackTeam "Moscow Chess Team"]

{[%evp 13,60,28,27,14,26,34,37,33,35,33,27,43,44,0,0,0,0,-6,0,-14,-12,-14,-19,-13,-23,-19,-10,-28,-8,-25,-19,-18,-14,-28,0,0,0,0,0,0,0,-12,0,-27,0,-15,0,-16,0]} 1. e4 c6 2. d4 d5 3. e5 Bf5 4. Nf3 e6 5. Be2 Ne7 6. O-O c5 7. c4 Nbc6 8. dxc5 {B12: Caro-Kann: Advance Variation} d4 {[#] Strongly threatening ...d3.} (8... dxc4 9. Bxc4 Ng6 10. Be3 Be7 11. Nc3 O-O 12. Be2 Qb8 13. Nd2 Rd8 14. f4 Nb4 15. Rc1 b6 {1-0 (42) Harikrishna,P (2729)-Mamedyarov,S (2817) Kolkata 2018}) 9. Qb3 Qc8 10. Rd1 {White is slightly better.} Ng6 11. Nxd4 Nxd4 12. Rxd4 {And now Bf3 would win.} Bxc5 13. Qa4+ $146 ({Predecessor:} 13. Rd1 O-O 14. Nc3 Qc6 15. Bf3 Qc7 {½-½ (29) Vidit,S (2673)-Tari,A (2596) Moscow 2017}) 13... Qc6 14. Qxc6+ bxc6 15. Rd1 Nxe5 16. Nc3 Ng4 17. Rf1 O-O-O 18. Bxg4 Bxg4 19. Be3 Bd4 20. Rac1 e5 21. Rfe1 f6 22. f3 Bf5 23. Kf2 Rd7 24. Na4 Rhd8 25. Bxd4 Rxd4 26. Nc5 h5 27. Nb3 Rd3 28. Nc5 R3d4 29. Nb3 Rd3 30. Nc5 R3d4 {Accuracy: White = 66%, Black = 65%.} 1/2-1/2

[Event "35th European Club Cup 2019"]
[Site "Ulcinj"]
[Date "2019.11.16"]
[Round "7.7"]
[White "Henderson De La Fuente, Lance"]
[Black "Petenyi, Tamas"]
[Result "0-1"]
[WhiteElo "2497"]
[BlackElo "2420"]
[Annotator "ChessBase"]
[PlyCount "84"]
[EventDate "2019.11.10"]
[EventType "team-tourn"]
[EventCountry "MNE"]
[SourceTitle "playchess.com"]
[Source "ChessBase"]
[SourceQuality "1"]
[WhiteTeam "Mulhouse"]
[BlackTeam "Dunajska Streda"]
[TimeControl "40/5400+30:1800+30"]

1. e4 {[%emt 0:00:00]} g6 {[%emt 0:00:21]} 2. d4 {[%emt 0:00:00]} Bg7 3. Nf3 c6 {[%emt 0:01:11]} 4. Nc3 {[%emt 0:00:56]} d6 {[%emt 0:01:10]} 5. h3 {[%emt 0:03:52]} Nf6 {[%emt 0:00:23]} 6. a4 {[%emt 0:00:53]} O-O {[%emt 0:00:10]} 7. Be2 {[%emt 0:00:23]} a5 {[%emt 0:02:17]} 8. O-O {[%emt 0:00:26]} Na6 {[%emt 0:03:27]} 9. Re1 {[%emt 0:04:06]} Nb4 {[%emt 0:01:23]} 10. Bf1 {[%emt 0:00:31]} e5 {[%emt 0:01:19]} 11. Bg5 {[%emt 0:09:05]} Qc7 {[%emt 0:04:46]} 12. Qd2 {[%emt 0:04:30]} Be6 {[%emt 0:03:28]} 13. Rad1 {[%emt 0:05:11]} Rad8 {[%emt 0:10:25]} 14. Nb1 Rfe8 15. c4 {[%emt 0:12:44]} exd4 {[%emt 0:16:45]} 16. Nxd4 {[%emt 0:00:36]} Rc8 {[%emt 0:06:12]} 17. Bf4 {[%emt 0:06:53]} Bd7 {[%emt 0:08:00]} 18. Nc3 {[%emt 0:00:44]} Nh5 {[%emt 0:00:37]} 19. Be3 {[%emt 0:00:40]} Nf6 {[%emt 0:03:01]} 20. Bg5 {[%emt 0:07:31]} d5 {[%emt 0:06:25]} 21. cxd5 {[%emt 0:12:37]} cxd5 {[%emt 0:00:09]} 22. exd5 {[%emt 0:01:05]} Rxe1 {[%emt 0:02:25]} 23. Qxe1 {[%emt 0:09:03]} Nfxd5 {[%emt 0:05:28]} 24. Nxd5 {[%emt 0:00:19]} Nxd5 {[%emt 0:00:04]} 25. Nb5 {[%emt 0:00:20]} Bxb5 {[%emt 0:02:10]} 26. Bxb5 {[%emt 0:00:12]} h6 {[%emt 0:02:24]} 27. Bd2 {[%emt 0:03:26]} b6 {[%emt 0:02:13]} 28. Rc1 {[%emt 0:02:31]} Qd8 {[%emt 0:00:26]} 29. b3 {[%emt 0:00:39]} Rxc1 {[%emt 0:01:22]} 30. Qxc1 {[%emt 0:00:10]} Bd4 {[%emt 0:04:39]} 31. Bc4 {[%emt 0:01:50]} h5 {[%emt 0:02:30]} 32. Qd1 {[%emt 0:02:06]} Ne7 {[%emt 0:02:46]} 33. Qf3 {[%emt 0:02:47]} Nf5 {[%emt 0:00:41]} 34. g4 {[%emt 0:06:11]} hxg4 {[%emt 0:00:15]} 35. hxg4 {[%emt 0:00:01]} Nd6 {[%emt 0:02:26]} 36. Bd5 {[%emt 0:00:01]} Qe7 {[%emt 0:00:59]} 37. Kg2 {[%emt 0:01:32]} Ne8 {[%emt 0:01:59]} 38. Bg5 {[%emt 0:03:00]} Nf6 {[%emt 0:00:55]} 39. Qd3 {[%emt 0:01:13]} Nxd5 {[%emt 0:00:14]} 40. Bxe7 {[%emt 0:00:00]} Nf4+ {[%emt 0:00:00]} 41. Kf3 {[%emt 0:01:18]} Nxd3 {[%emt 0:00:09]} 42. Ke4 {[%emt 0:00:05]} Bc5 {[%emt 0:00:15]} 0-1

[Event "35th European Club Cup 2019"]
[Site "Ulcinj"]
[Date "2019.11.16"]
[Round "7.7"]
[White "Pijpers, Arthur"]
[Black "Chigaev, Maksim"]
[Result "0-1"]
[WhiteElo "2473"]
[BlackElo "2623"]
[Annotator "ChessBase"]
[PlyCount "92"]
[EventDate "2019.11.10"]
[EventType "team-tourn"]
[EventCountry "MNE"]
[SourceTitle "playchess.com"]
[Source "ChessBase"]
[SourceQuality "1"]
[WhiteTeam "LSG IntelliMagic"]
[BlackTeam "Molodezka"]
[TimeControl "40/5400+30:1800+30"]

1. e4 {[%emt 0:00:00]} e5 {[%emt 0:00:00]} 2. Nf3 {[%emt 0:00:00]} Nc6 {[%emt 0:00:00]} 3. Bb5 {[%emt 0:00:00]} a6 {[%emt 0:00:00]} 4. Ba4 {[%emt 0:00:00]} Nf6 {[%emt 0:00:00]} 5. O-O {[%emt 0:00:00]} Be7 {[%emt 0:00:00]} 6. Re1 {[%emt 0:00:00]} b5 {[%emt 0:00:03]} 7. Bb3 {[%emt 0:00:00]} d6 {[%emt 0:00:07]} 8. c3 {[%emt 0:00:00]} O-O {[%emt 0:00:06]} 9. h3 {[%emt 0:00:00]} Re8 {[%emt 0:00:05]} 10. d4 {[%emt 0:00:02]} Bb7 {[%emt 0:00:04]} 11. Nbd2 {[%emt 0:00:06]} Bf8 {[%emt 0:00:05]} 12. a4 {[%emt 0:00:05]} Na5 {[%emt 0:00:07]} 13. Bc2 {[%emt 0:00:36]} exd4 {[%emt 0:00:06]} 14. cxd4 {[%emt 0:01:16]} b4 {[%emt 0:01:37]} 15. b3 {[%emt 0:06:04]} g6 {[%emt 0:00:52]} 16. Bb2 {[%emt 0:02:27]} d5 {[%emt 0:00:07]} 17. e5 {[%emt 0:01:45]} Nd7 {[%emt 0:00:57]} 18. Nf1 {[%emt 0:01:39]} c5 {[%emt 0:06:25]} 19. e6 {[%emt 0:20:05]} Rxe6 {[%emt 0:09:06]} 20. Rxe6 {[%emt 0:00:11]} fxe6 {[%emt 0:00:06]} 21. dxc5 {[%emt 0:00:08]} Bg7 {[%emt 0:00:13]} 22. Bxg7 {[%emt 0:03:44]} Kxg7 {[%emt 0:00:24]} 23. Ne3 {[%emt 0:18:54]} h5 {[%emt 0:03:20]} 24. Rc1 {[%emt 0:17:25]} Qf6 {[%emt 0:01:51]} 25. Qd2 {[%emt 0:06:07]} Nc6 {[%emt 0:00:36]} 26. Bd3 {[%emt 0:01:15]} Rf8 {[%emt 0:00:54]} 27. Bf1 {[%emt 0:09:24]} Nde5 {[%emt 0:08:04]} 28. Nxe5 {[%emt 0:00:05]} Qxe5 {[%emt 0:00:08]} 29. Nc2 {[%emt 0:02:28]} Qf4 {[%emt 0:02:30]} 30. Qe1 {[%emt 0:03:39]} h4 {[%emt 0:10:52]} 31. Rd1 {[%emt 0:00:53]} Rf7 {[%emt 0:05:00]} 32. Rd3 {[%emt 0:01:01]} a5 {[%emt 0:03:12]} 33. Rf3 {[%emt 0:01:35]} Qe5 {[%emt 0:00:48]} 34. Qxe5+ {[%emt 0:01:14]} Nxe5 {[%emt 0:00:06]} 35. Re3 {[%emt 0:00:02]} Kf6 {[%emt 0:02:05]} 36. Nd4 {[%emt 0:00:21]} g5 {[%emt 0:00:48]} 37. Nb5 {[%emt 0:04:01]} Bc6 {[%emt 0:00:58]} 38. Nd4 {[%emt 0:00:40]} Rc7 {[%emt 0:01:53]} 39. Re2 {[%emt 0:01:37]} Be8 {[%emt 0:05:35]} 40. Rc2 {[%emt 0:00:00]} Bg6 {[%emt 0:00:00]} 41. Rc1 {[%emt 0:00:32]} Nc6 {[%emt 0:00:42]} 42. Nb5 {[%emt 0:03:20]} Rd7 {[%emt 0:02:31]} 43. Nd6 {[%emt 0:01:56]} Nd4 {[%emt 0:01:18]} 44. Nb5 {[%emt 0:02:25]} Nxb3 {[%emt 0:02:17]} 45. c6 {[%emt 0:00:30]} Nxc1 {[%emt 0:00:30]} 46. cxd7 {[%emt 0:00:30]} Ke7 {[%emt 0:00:30]} 0-1

[Event "35th European Club Cup 2019"]
[Site "Ulcinj"]
[Date "2019.11.16"]
[Round "7.7"]
[White "Subelj, Jan"]
[Black "Edouard, Romain"]
[Result "0-1"]
[WhiteElo "2398"]
[BlackElo "2635"]
[Annotator "ChessBase"]
[PlyCount "104"]
[EventDate "2019.11.10"]
[EventType "team-tourn"]
[EventCountry "MNE"]
[SourceTitle "playchess.com"]
[Source "ChessBase"]
[SourceQuality "1"]
[WhiteTeam "Maribor"]
[BlackTeam "KGSRL Gent"]
[TimeControl "40/5400+30:1800+30"]

1. e4 {[%emt 0:00:00]} c5 {[%emt 0:00:00]} 2. Nf3 {[%emt 0:00:24]} d6 {[%emt 0:00:00]} 3. Bb5+ {[%emt 0:03:02]} Nd7 {[%emt 0:00:00]} 4. c3 {[%emt 0:00:05]} Ngf6 {[%emt 0:00:05]} 5. Qe2 {[%emt 0:00:05]} a6 {[%emt 0:00:02]} 6. Ba4 {[%emt 0:00:05]} g6 {[%emt 0:00:10]} 7. O-O {[%emt 0:01:08]} Bg7 {[%emt 0:00:04]} 8. d4 {[%emt 0:00:32]} b5 {[%emt 0:00:04]} 9. Bc2 {[%emt 0:00:52]} cxd4 {[%emt 0:00:10]} 10. cxd4 {[%emt 0:00:44]} O-O {[%emt 0:00:04]} 11. e5 {[%emt 0:19:05]} Ne8 {[%emt 0:00:44]} 12. e6 {[%emt 0:06:04]} fxe6 {[%emt 0:00:21]} 13. Ng5 {[%emt 0:09:26]} Nc7 {[%emt 0:02:51]} 14. Bd2 {[%emt 0:08:39]} a5 {[%emt 0:01:10]} 15. Bb3 {[%emt 0:06:43]} Nf6 {[%emt 0:00:53]} 16. Nxe6 {[%emt 0:09:13]} Bxe6 {[%emt 0:00:33]} 17. Bxe6+ {[%emt 0:03:08]} Kh8 {[%emt 0:00:03]} 18. Bh3 {[%emt 0:06:57]} Nh5 {[%emt 0:01:47]} 19. Qe4 {[%emt 0:03:59]} d5 {[%emt 0:00:32]} 20. Qh4 {[%emt 0:00:14]} Qd6 {[%emt 0:01:11]} 21. g3 {[%emt 0:03:30]} b4 {[%emt 0:00:47]} 22. Be3 {[%emt 0:00:56]} e5 {[%emt 0:01:48]} 23. Nd2 {[%emt 0:01:09]} Nf4 {[%emt 0:13:11]} 24. Bxf4 {[%emt 0:05:15]} exf4 {[%emt 0:00:10]} 25. Nf3 {[%emt 0:00:05]} Rae8 {[%emt 0:01:08]} 26. Kg2 {[%emt 0:03:43]} Re4 {[%emt 0:05:18]} 27. Rae1 {[%emt 0:02:42]} h6 {[%emt 0:00:31]} 28. Rxe4 {[%emt 0:01:35]} dxe4 {[%emt 0:00:09]} 29. Ne5 {[%emt 0:01:33]} Kh7 {[%emt 0:09:01]} 30. Rc1 Bxe5 31. dxe5 {[%emt 0:00:50]} Qxe5 {[%emt 0:00:34]} 32. gxf4 Rxf4 {[%emt 0:00:27]} 33. Qd8 {[%emt 0:01:55]} Rf7 {[%emt 0:00:45]} 34. Kh1 {[%emt 0:00:59]} h5 {[%emt 0:06:26]} 35. Qd2 {[%emt 0:01:21]} Ne6 {[%emt 0:02:25]} 36. Bxe6 {[%emt 0:01:14]} Qxe6 {[%emt 0:00:02]} 37. Qd4 {[%emt 0:00:09]} Rd7 {[%emt 0:05:22]} 38. Qe3 {[%emt 0:00:02]} Qxa2 {[%emt 0:00:12]} 39. Qxe4 {[%emt 0:00:03]} Qxb2 {[%emt 0:05:42]} 40. Rc6 {[%emt 0:00:00]} Qg7 {[%emt 0:00:00]} 41. Rc5 {[%emt 0:06:04]} Qf6 {[%emt 0:13:18]} 42. Rxa5 {[%emt 0:02:19]} Kg7 {[%emt 0:03:42]} 43. Kg2 {[%emt 0:01:17]} Rf7 {[%emt 0:06:06]} 44. f3 {[%emt 0:06:22]} b3 {[%emt 0:13:01]} 45. Rb5 {[%emt 0:02:07]} Qb2+ {[%emt 0:02:55]} 46. Kg3 {[%emt 0:02:54]} Qc3 {[%emt 0:00:20]} 47. Kg2 {[%emt 0:06:10]} Qd2+ {[%emt 0:16:18]} 48. Kg3 {[%emt 0:01:28]} h4+ {[%emt 0:00:35]} 49. Kh3 {[%emt 0:04:49]} Qd7+ {[%emt 0:00:10]} 50. Kg2 {[%emt 0:00:04]} Qxb5 {[%emt 0:00:09]} 51. Qd4+ {[%emt 0:00:03]} Rf6 {[%emt 0:00:14]} 52. Qa7+ {[%emt 0:00:06]} Kh6 {[%emt 0:00:09]} 0-1

[Event "35th European Club Cup 2019"]
[Site "Ulcinj"]
[Date "2019.11.16"]
[Round "7.8"]
[White "Paravyan, David"]
[Black "Sprenger, Jan Michael"]
[Result "1/2-1/2"]
[WhiteElo "2628"]
[BlackElo "2492"]
[Annotator "ChessBase"]
[PlyCount "95"]
[EventDate "2019.11.10"]
[EventType "team-tourn"]
[EventCountry "MNE"]
[SourceTitle "playchess.com"]
[Source "ChessBase"]
[SourceQuality "1"]
[WhiteTeam "Molodezka"]
[BlackTeam "LSG IntelliMagic"]
[TimeControl "40/5400+30:1800+30"]

1. e4 {[%emt 0:00:00]} c5 {[%emt 0:00:00]} 2. Nf3 {[%emt 0:00:00]} e6 {[%emt 0:00:00]} 3. d4 {[%emt 0:00:00]} cxd4 {[%emt 0:00:00]} 4. Nxd4 {[%emt 0:00:00]} a6 {[%emt 0:00:00]} 5. a3 {[%emt 0:00:00]} Nf6 {[%emt 0:05:18]} 6. Nc3 {[%emt 0:00:04]} Qc7 {[%emt 0:00:04]} 7. f4 {[%emt 0:00:07]} d6 {[%emt 0:00:42]} 8. g4 {[%emt 0:11:27]} Nc6 {[%emt 0:22:53]} 9. g5 {[%emt 0:00:48]} Nd7 {[%emt 0:00:05]} 10. Bc4 {[%emt 0:17:34]} Nc5 {[%emt 0:15:53]} 11. Ba2 {[%emt 0:20:39]} Bd7 {[%emt 0:03:56]} 12. Nf3 {[%emt 0:02:39]} Na7 {[%emt 0:04:29]} 13. Qe2 {[%emt 0:05:31]} Nb5 {[%emt 0:07:17]} 14. Nd1 {[%emt 0:00:04]} Nxe4 {[%emt 0:02:05]} 15. c4 {[%emt 0:25:08]} d5 {[%emt 0:00:27]} 16. cxd5 {[%emt 0:00:09]} Nbd6 {[%emt 0:03:10]} 17. Nd4 {[%emt 0:01:23]} exd5 {[%emt 0:03:40]} 18. Nc3 {[%emt 0:00:43]} Bc6 {[%emt 0:11:48]} 19. O-O {[%emt 0:06:28]} Be7 {[%emt 0:08:18]} 20. Be3 {[%emt 0:00:36]} Nxc3 {[%emt 0:02:05]} 21. bxc3 {[%emt 0:00:02]} Bb5 {[%emt 0:01:52]} 22. Nxb5 {[%emt 0:00:53]} Nxb5 {[%emt 0:00:08]} 23. Rac1 {[%emt 0:03:13]} O-O {[%emt 0:02:23]} 24. c4 {[%emt 0:00:25]} dxc4 {[%emt 0:00:05]} 25. Bxc4 {[%emt 0:00:36]} Bxa3 {[%emt 0:02:46]} 26. Bxb5 {[%emt 0:00:18]} Bxc1 {[%emt 0:00:05]} 27. Rxc1 {[%emt 0:00:03]} Qe7 {[%emt 0:00:50]} 28. Bd3 {[%emt 0:03:18]} Rfe8 {[%emt 0:00:48]} 29. Re1 {[%emt 0:00:04]} Rad8 {[%emt 0:00:52]} 30. Kf2 {[%emt 0:01:16]} Qd7 {[%emt 0:00:42]} 31. Bb1 {[%emt 0:01:26]} Qh3 {[%emt 0:00:56]} 32. Qf3 {[%emt 0:00:31]} Qxh2+ {[%emt 0:01:13]} 33. Kf1 {[%emt 0:00:01]} h5 {[%emt 0:00:53]} 34. g6 {[%emt 0:00:19]} fxg6 {[%emt 0:00:41]} 35. Bxg6 {[%emt 0:00:03]} Re7 {[%emt 0:00:05]} 36. f5 {[%emt 0:01:15]} Qh4 {[%emt 0:00:33]} 37. Rc1 {[%emt 0:00:49]} Red7 {[%emt 0:00:52]} 38. Bf2 {[%emt 0:00:30]} Qg4 {[%emt 0:00:12]} 39. Bxh5 {[%emt 0:00:33]} Qxf3 {[%emt 0:00:16]} 40. Bxf3 {[%emt 0:00:00]} Rf8 {[%emt 0:00:00]} 41. Be4 {[%emt 0:04:50]} g6 {[%emt 0:04:21]} 42. Rb1 {[%emt 0:13:23]} b5 {[%emt 0:02:18]} 43. Ra1 {[%emt 0:00:04]} gxf5 44. Bc6 {[%emt 0:00:04]} Rd6 {[%emt 0:01:36]} 45. Rxa6 {[%emt 0:01:26]} Rc8 {[%emt 0:01:04]} 46. Bxb5 {[%emt 0:00:04]} Rxa6 {[%emt 0:00:07]} 47. Bxa6 {[%emt 0:00:02]} Rc1+ {[%emt 0:00:05]} 48. Ke2 {[%emt 0:00:02]} 1/2-1/2

[Event "35th European Club Cup 2019"]
[Site "Ulcinj"]
[Date "2019.11.16"]
[Round "7.8"]
[White "Zvjaginsev, Vadim"]
[Black "Vidit, Santosh Gujrathi"]
[Result "1/2-1/2"]
[WhiteElo "2626"]
[BlackElo "2722"]
[Annotator "TA"]
[PlyCount "62"]
[EventDate "2019.11.10"]
[EventType "team-tourn"]
[EventCountry "MNE"]
[SourceTitle "playchess.com"]
[Source "ChessBase"]
[SourceQuality "1"]
[WhiteTeam "Moscow Chess Team"]
[BlackTeam "Novy Bor"]

{[%evp 19,62,0,0,0,0,8,0,0,0,-12,-12,-18,-6,-14,0,0,0,0,-3,0,-10,-8,-8,-14,0,0,0,0,0,-28,-29,-30,-4,-4,-4,-4,-4,-8,-12,-12,-12,-8,-5,-9,-5]} 1. Nf3 Nf6 2. c4 c5 3. Nc3 Nc6 4. e3 e6 5. d4 d5 6. cxd5 exd5 7. Bb5 cxd4 8. exd4 Bd6 9. O-O O-O 10. h3 h6 11. Re1 {D32: Tarrasch Defence: Sidelines and lines without g3} Bf5 12. Ne5 Rc8 (12... Qb6 13. Bxc6 bxc6 14. Na4 Qc7 15. Bf4 Ne4 16. Qc1 Rfe8 17. f3 Nf6 18. Bh2 Rac8 {½-½ (59) Tomashevsky,E (2705)-Potkin,V (2597) St Petersburg 2018}) 13. Bf4 Nb4 {[#] Strongly threatening ...Nc2.} 14. Ba4 $146 ({Predecessor:} 14. Rc1 Ne4 15. Qf3 Nxc3 16. Rxc3 Nxa2 17. Nxf7 Qa5 18. Nxd6 Nxc3 19. bxc3 Be4 20. Qg4 Qxc3 {1-0 (20) Gulko,B (2585)-Browne,W (2515) Denver 1998}) 14... Ne4 15. a3 {[#] aiming for Nxe4.} Bxe5 16. Bxe5 {Black must now prevent Nxe4.} Nc6 17. Nxe4 dxe4 18. Bxc6 Rxc6 19. Rc1 Rxc1 20. Qxc1 Qd7 21. Qc7 Qxc7 22. Bxc7 $11 {[%mdl 4096] Endgame KRB-KRB} Rc8 23. Rc1 Be6 24. Bf4 Rxc1+ 25. Bxc1 {KB-KB} Kf8 26. Kf1 {The position is equal.} Bc4+ 27. Ke1 Ke7 28. h4 Ke6 29. Bd2 Kf5 30. Bb4 h5 31. Bf8 g6 {Accuracy: White = 83%, Black = 79%.} 1/2-1/2

[Event "35th European Club Cup 2019"]
[Site "Ulcinj"]
[Date "2019.11.16"]
[Round "7.8"]
[White "Bagi, Mate"]
[Black "Riff, Jean-Noel"]
[Result "1/2-1/2"]
[WhiteElo "2470"]
[BlackElo "2514"]
[Annotator "ChessBase"]
[PlyCount "59"]
[EventDate "2019.11.10"]
[EventType "team-tourn"]
[EventCountry "MNE"]
[SourceTitle "playchess.com"]
[Source "ChessBase"]
[SourceQuality "1"]
[WhiteTeam "Dunajska Streda"]
[BlackTeam "Mulhouse"]
[TimeControl "40/5400+30:1800+30"]

1. e4 e5 2. Nf3 Nc6 3. Nc3 Nf6 4. d4 exd4 5. Nxd4 Bb4 6. Nxc6 bxc6 7. Bd3 d5 8. exd5 cxd5 9. O-O O-O 10. h3 Rb8 11. Qf3 Rb6 12. Bf4 Re8 13. Nb5 Rb7 14. a3 Bf8 15. b4 c5 16. bxc5 Bxc5 17. c4 Be6 18. Bg5 Rd7 19. Rac1 dxc4 20. Bxc4 Bxc4 21. Rxc4 Be7 22. a4 a6 23. Nc3 h6 24. Be3 Qa8 25. Qxa8 Rxa8 26. Rb1 Bd6 27. Bd4 Be7 28. Be3 Bd6 29. Bd4 Be7 30. Be3 1/2-1/2

[Event "35th European Club Cup 2019"]
[Site "Ulcinj"]
[Date "2019.11.16"]
[Round "7.8"]
[White "Fernandez, Daniel Howard"]
[Black "Bratkovic, Jakob"]
[Result "1-0"]
[WhiteElo "2444"]
[BlackElo "2308"]
[Annotator "NA"]
[PlyCount "78"]
[EventDate "2019.11.10"]
[EventType "team-tourn"]
[EventCountry "MNE"]
[SourceTitle "playchess.com"]
[Source "ChessBase"]
[SourceQuality "1"]
[WhiteTeam "KGSRL Gent"]
[BlackTeam "Maribor"]
[TimeControl "40/5400+30:1800+30"]

1. Nf3 {[%emt 0:00:00]} d5 {[%emt 0:00:56]} 2. c4 {[%emt 0:00:00]} c6 {[%emt 0:00:26]} 3. e3 {[%emt 0:00:00]} Nf6 {[%emt 0:00:35]} 4. b4 {[%emt 0:00:00]} g6 {[%emt 0:04:40]} 5. Bb2 {[%emt 0:00:00]} Bg7 {[%emt 0:00:05]} 6. Be2 {[%emt 0:00:30]} Nbd7 {[%emt 0:02:13]} 7. O-O {[%emt 0:00:11]} O-O {[%emt 0:00:23]} 8. a4 {[%emt 0:00:24]} Qc7 {[%emt 0:08:54]} 9. d4 dxc4 {[%emt 0:03:42]} 10. Bxc4 {[%emt 0:00:05]} e5 {[%emt 0:03:14]} 11. Nbd2 {[%emt 0:01:55]} e4 {[%emt 0:14:23]} 12. Ng5 {[%emt 0:01:28]} Nb6 {[%emt 0:00:13]} 13. Bb3 {[%emt 0:01:28]} Bf5 {[%emt 0:00:09]} 14. Qc2 {[%emt 0:00:35]} Rae8 {[%emt 0:03:00]} 15. b5 {[%emt 0:01:41]} h6 {[%emt 0:01:25]} 16. Nh3 {[%emt 0:00:02]} Bxh3 {[%emt 0:08:22]} 17. gxh3 {[%emt 0:00:02]} Qc8 {[%emt 0:07:09]} 18. Kg2 {[%emt 0:00:24]} Nbd7 {[%emt 0:16:47]} 19. bxc6 {[%emt 0:00:52]} bxc6 {[%emt 0:00:03]} 20. Rac1 {[%emt 0:01:41]} c5 {[%emt 0:01:11]} 21. dxc5 {[%emt 0:00:31]} Ne5 {[%emt 0:03:31]} 22. c6 {[%emt 0:00:36]} Nf3 {[%emt 0:02:27]} 23. Bxf6 {[%emt 0:02:16]} Bxf6 {[%emt 0:04:18]} 24. Nxe4 {[%emt 0:00:04]} Qf5 {[%emt 0:00:44]} 25. Nxf6+ {[%emt 0:02:36]} Qxf6 {[%emt 0:00:02]} 26. Qd1 {[%emt 0:00:33]} Re5 {[%emt 0:06:34]} 27. Qxf3 {[%emt 0:00:02]} Rg5+ {[%emt 0:00:04]} 28. Qg3 {[%emt 0:00:07]} Qe5 {[%emt 0:01:27]} 29. Rfd1 {[%emt 0:00:26]} Rc8 {[%emt 0:00:32]} 30. Rd4 {[%emt 0:01:59]} Rxg3+ {[%emt 0:01:47]} 31. hxg3 {[%emt 0:00:02]} Rc7 {[%emt 0:00:10]} 32. Bd1 {[%emt 0:01:10]} Kg7 {[%emt 0:00:35]} 33. Bf3 {[%emt 0:00:02]} Qa5 {[%emt 0:00:32]} 34. Rd7 {[%emt 0:02:19]} Qb6 {[%emt 0:02:40]} 35. Rxc7 {[%emt 0:00:14]} Qxc7 {[%emt 0:00:05]} 36. Rd1 {[%emt 0:00:04]} Qa5 {[%emt 0:00:50]} 37. Rd7 {[%emt 0:00:03]} Qxa4 {[%emt 0:00:07]} 38. Bd5 {[%emt 0:00:05]} Qb5 {[%emt 0:00:15]} 39. Rxf7+ {[%emt 0:00:06]} Kg8 {[%emt 0:00:14]} 1-0